Personality Development and Soft Skills (Record no. 8543)

MARC details
000 -LEADER
fixed length control field 00332nam a22001217a 4500
008 - FIXED-LENGTH DATA ELEMENTS--GENERAL INFORMATION
fixed length control field 200317b ||||| |||| 00| 0 eng d
100 ## - MAIN ENTRY--PERSONAL NAME
Personal name Mitra, Barun K.
245 ## - TITLE STATEMENT
Title Personality Development and Soft Skills
250 ## - EDITION STATEMENT
Edition statement 6th
Remainder of edition statement 2019
260 ## - PUBLICATION, DISTRIBUTION, ETC. (IMPRINT)
Place of publication, distribution, etc New Delhi
Name of publisher, distributor, etc Oxford University Press
650 ## - SUBJECT ADDED ENTRY--TOPICAL TERM
Topical term or geographic name as entry element Communication Skills
942 ## - ADDED ENTRY ELEMENTS (KOHA)
Source of classification or shelving scheme Dewey Decimal Classification
Koha item type Text Books
Holdings
Withdrawn status Lost status Source of classification or shelving scheme Damaged status Not for loan Collection code Home library Current library Date acquired Source of acquisition Currency Cost, normal purchase price Bill Number Total Checkouts Full call number Acc. no. / Barcode Date last seen Copy number Actual Cost, discounted price Bill Date Koha item type Shelving location
    Dewey Decimal Classification     B.Pharma PIET C-LIBRARY PIET C-LIBRARY 06/01/2020 Kirti Prakashan IN Rupees 460.00 IN5972   158.1 MIP BP129 17/03/2020 1 312.80 06/01/2020 Text Books  
    Dewey Decimal Classification     B.Pharma PIET C-LIBRARY PIET C-LIBRARY 06/01/2020 Kirti Prakashan IN Rupees 460.00 IN5972   158.1 MIP BP130 17/03/2020 2 312.80 06/01/2020 Reference Books Ref. Sec. R01
    Dewey Decimal Classification     B.Pharma PIET C-LIBRARY PIET C-LIBRARY 06/01/2020 Kirti Prakashan IN Rupees 460.00 IN5972   158.1 MIP BP131 17/03/2020 3 312.80 06/01/2020 Text Books  
    Dewey Decimal Classification     B.Pharma PIET C-LIBRARY PIET C-LIBRARY 06/01/2020 Kirti Prakashan IN Rupees 460.00 IN5972   158.1 MIP BP132 17/03/2020 4 312.80 06/01/2020 Text Books  

Design & Developed by: PIET Central Library
R70 Miles Stone Pattikalyana Samalkha Panipat 132102
mail ID :- [email protected], Phone No:- 0180-2569700 Ex.216